[Event "Padova op-A 16th"]
[Site "Padova"]
[Date "2013.12.17"]
[Round "4.28"]
[White "Raimbault, Pierre"]
[Black "Di Lazzaro, Gabriele"]
[Result "1-0"]
[WhiteElo "1884"]
[BlackElo "1941"]
[PlyCount "51"]
[EventDate "2013.12.15"]
[EventType "swiss"]
[EventRounds "9"]
[EventCountry "ITA"]
[SourceTitle "EXT 2024"]
[Source "ChessBase"]
[SourceDate "2023.10.10"]
[SourceVersion "1"]
[SourceVersionDate "2023.10.10"]
[SourceQuality "1"]

1. d4 Nf6 2. c4 c5 3. d5 b5 4. cxb5 a6 5. f3 d6 6. e4 g6 7. Na3 Bg7 8. Ne2 axb5 9. Nxb5 Na6 10. Nec3 0-0 11. Be2 Bd7 12. 0-0 Nb4 13. Be3 Qa5 14. Na3 Rfb8 15. Nc4 Qc7 16. Qd2 Ba4 17. Nxa4 Rxa4 18. a3 Qa7 19. Rab1 Nd7 20. axb4 Raxb4 21. f4 Nb6 22. b3 Na4 23. e5 Rxb3 24. Rxb3 Rxb3 25. Ra1 Rb4 26. Qxb4 1-0

[Event "Paris-ch op-B 87th"]
[Site "Paris"]
[Date "2012.07.09"]
[Round "3"]
[White "Raimbault, Pierre"]
[Black "Levesque, Thomas"]
[Result "1-0"]
[WhiteElo "1944"]
[BlackElo "2086"]
[PlyCount "93"]
[EventDate "2012.07.07"]
[EventType "swiss"]
[EventRounds "9"]
[EventCountry "FRA"]
[SourceTitle "EXT 2013"]
[Source "ChessBase"]
[SourceDate "2012.11.22"]
[SourceVersion "1"]
[SourceVersionDate "2012.11.22"]
[SourceQuality "1"]

1. d4 f5 2. c4 Nf6 3. Nc3 e6 4. f3 Bb4 5. Bd2 c6 6. a3 Bxc3 7. Bxc3 d5 8. e3 0-0 9. Nh3 Nbd7 10. Bd3 dxc4 11. Bxc4 Nd5 12. Bd2 Qh4+ 13. Nf2 N7b6 14. g3 Qf6 15. Ba2 Kh8 16. Nd3 Nd7 17. 0-0 b6 18. Nb4 Bb7 19. Qa4 b5 20. Qc2 a5 21. Nd3 Rfc8 22. b4 axb4 23. axb4 Ra3 24. Bb3 Rca8 25. Qb2 Rxa1 26. Rxa1 Ba6 27. e4 N5b6 28. Bc3 Qf7 29. Nc5 Nxc5 30. dxc5 Nc4 31. Qf2 e5 32. exf5 Qxf5 33. Bc2 Qh5 34. Be4 Qh6 35. Rd1 Rf8 36. Rd7 Bc8 37. Rc7 Bh3 38. Qe1 Qg5 39. Bxc6 Qd8 40. Ra7 Qb8 41. Re7 Qd8 42. Ra7 Qb8 43. Ra8 Qxa8 44. Bxa8 Rxa8 45. Bxe5 Ra2 46. Bc3 h6 47. Qe7 1-0

[Event "Zlatni Rat op 2nd"]
[Site "Bol"]
[Date "2011.09.15"]
[Round "7"]
[White "Raimbault, Pierre"]
[Black "Sadilek, Peter"]
[Result "0-1"]
[WhiteElo "1932"]
[BlackElo "2235"]
[PlyCount "52"]
[EventDate "2011.09.10"]
[EventType "swiss"]
[EventRounds "9"]
[EventCountry "CRO"]
[SourceTitle "CBM 144 Extra"]
[Source "ChessBase"]
[SourceDate "2011.10.28"]
[SourceVersion "1"]
[SourceVersionDate "2011.10.28"]
[SourceQuality "1"]

1. d4 Nf6 2. c4 Nc6 3. Nf3 e6 4. Bg5 h6 5. Bf4 Bb4+ 6. Nc3 g5 7. Bg3 Ne4 8. Rc1 h5 9. Qd3 d5 10. e3 h4 11. Be5 f6 12. Nxg5 Nxe5 13. dxe5 fxg5 14. f3 Nxc3 15. Qg6+ Kf8 16. bxc3 Be7 17. Rd1 Qe8 18. Qb1 Qf7 19. Bd3 Bc5 20. Bg6 Qe7 21. Qd3 Kg7 22. 0-0 Rh6 23. cxd5 exd5 24. f4 gxf4 25. Rxf4 Rxg6 26. Rdf1 Qg5 0-1

[Event "Zlatni Rat op 2nd"]
[Site "Bol"]
[Date "2011.09.14"]
[Round "6"]
[White "Raimbault, Pierre"]
[Black "Mittelsteiner, Horst"]
[Result "1-0"]
[WhiteElo "1932"]
[BlackElo "1901"]
[PlyCount "83"]
[EventDate "2011.09.10"]
[EventType "swiss"]
[EventRounds "9"]
[EventCountry "CRO"]
[SourceTitle "CBM 144 Extra"]
[Source "ChessBase"]
[SourceDate "2011.10.28"]
[SourceVersion "1"]
[SourceVersionDate "2011.10.28"]
[SourceQuality "1"]

1. d4 d5 2. c4 dxc4 3. e4 Nc6 4. Be3 e5 5. d5 Bb4+ 6. Nc3 Nd4 7. Bxd4 exd4 8. Qxd4 c5 9. Qxc4 Nf6 10. Nge2 0-0 11. a3 Qa5 12. Rc1 Bxc3+ 13. Nxc3 Re8 14. f3 Nd7 15. Be2 a6 16. Qa4 Qxa4 17. Nxa4 b6 18. b4 cxb4 19. axb4 b5 20. Nc5 Ne5 21. 0-0 Rd8 22. Nb3 f6 23. Rc7 Rd7 24. Rfc1 Rxc7 25. Rxc7 Kf8 26. Nc5 Nf7 27. Kf2 h6 28. Ke3 g6 29. f4 Kg7 30. Nb3 Kf8 31. Kd4 Ke8 32. e5 fxe5+ 33. fxe5 Bf5 34. Nc5 h5 35. d6 Nd8 36. Bd3 Bxd3 37. Kxd3 Nf7 38. Ke4 a5 39. Kd5 a4 40. Nb7 a3 41. d7+ Ke7 42. d8Q# 1-0

[Event "Zlatni Rat op 2nd"]
[Site "Bol"]
[Date "2011.09.11"]
[Round "2"]
[White "Raimbault, Pierre"]
[Black "Milosavljevic, Jovan"]
[Result "0-1"]
[WhiteElo "1932"]
[BlackElo "2136"]
[PlyCount "46"]
[EventDate "2011.09.10"]
[EventType "swiss"]
[EventRounds "9"]
[EventCountry "CRO"]
[SourceTitle "CBM 144 Extra"]
[Source "ChessBase"]
[SourceDate "2011.10.28"]
[SourceVersion "1"]
[SourceVersionDate "2011.10.28"]
[SourceQuality "1"]

1. d4 Nf6 2. c4 e6 3. Nc3 d5 4. cxd5 exd5 5. Bg5 Be7 6. Qc2 h6 7. Bh4 0-0 8. e3 c6 9. Bd3 Nh5 10. Bxe7 Qxe7 11. Nge2 Nd7 12. 0-0 Nhf6 13. Ng3 Nb6 14. a4 Be6 15. a5 Nc4 16. e4 dxe4 17. Ncxe4 Nxe4 18. Nxe4 Nd6 19. a6 Bd5 20. axb7 Nxb7 21. Rfe1 Qb4 22. Qc3 a5 23. Ra4 Qxa4 0-1

[Event "Paris-ch op-A"]
[Site "Paris"]
[Date "2010.07.03"]
[Round "1"]
[White "Plane, Boris"]
[Black "Raimbault, Pierre"]
[Result "1-0"]
[WhiteElo "2140"]
[BlackElo "1940"]
[PlyCount "45"]
[EventDate "2010.07.03"]
[EventType "swiss"]
[EventRounds "9"]
[EventCountry "FRA"]
[SourceTitle "CBM 137 Extra"]
[Source "ChessBase"]
[SourceDate "2010.09.01"]
[SourceVersion "1"]
[SourceVersionDate "2010.09.01"]
[SourceQuality "1"]

1. e4 c5 2. Nf3 Nc6 3. Nc3 e5 4. Bc4 g6 5. d3 Bg7 6. Ng5 Nh6 7. 0-0 f6 8. Nf3 d6 9. a3 Nf7 10. Nd5 0-0 11. c3 Re8 12. b4 Ne7 13. Qb3 Nxd5 14. Bxd5 Qe7 15. bxc5 dxc5 16. Be3 Rb8 17. Bxc5 Qd7 18. Bxa7 Ra8 19. Bc5 Bf8 20. Be3 Kg7 21. d4 Nd6 22. dxe5 fxe5 23. Nxe5 1-0